000 00287nam a22001217a 4500
008 160425b xxu||||| |||| 00| 0 eng d
020 _a9780323025867
020 _a100323025862
041 _aeng
080 _a618.2
245 _aFundamentals of nursing:
_cPotter Perry;
942 _2udc
_cBK
999 _c1566
_d1566